000 00657cam a2200229 4500
008 000000n2000 000 0 eng u
020 _a019826898X
035 _a(Sirsi) u106188
050 _a346.4104343
100 _aHaley, Michael
245 4 _aThe statutory regulation of business tenancies.
260 _aOxford
_bOxford University Press
_c2000
300 _axlix, 435p. ; 25cm.
350 _a75.00
650 _aBUSINESS TENANCIES
650 _aTENANTS' RIGHTS
650 _aLEASES
650 _aLANDLORD AND TENANT ACT 1927
650 _aLANDLORD AND TENANT ACT 1954
690 _aLANDLORD AND TENANT-BUSINESS TENANCIES
942 _n0
999 _c100537
_d100537